[Event "Chess Festival Groningen 2018 Compact A"]
[Site "Groningen, Netherlands"]
[Date "2018.12.26"]
[Round "1.3"]
[White "Salihbegovic, Edim"]
[Black "Van Dael, Siem"]
[Result "1/2-1/2"]
[WhiteElo "1937"]
[BlackElo "2204"]
[PlyCount "106"]
[EventDate "2018.??.??"]

1. e4 c5 2. Nf3 d6 3. Bb5+ Nd7 4. O-O a6 5. Bd3 Ngf6 6. Re1 b5 7. c4 bxc4 8.
Bxc4 e6 9. d4 cxd4 10. Nxd4 Bb7 11. Nc3 Nb6 12. Bb3 Be7 13. Bxe6 fxe6 14. Nxe6
Qd7 15. Nxg7+ Kd8 16. Qb3 Qc6 17. Be3 Nfd7 18. Rac1 Nc5 19. Qf7 Rf8 20. Ne6+
Nxe6 21. Qxe6 Rf6 22. Qb3 Nd7 23. Nd5 Qb5 24. Nxe7 Kxe7 25. Qxb5 axb5 26. Rc7
Bxe4 27. Bg5 Kd8 28. Rxd7+ Kxd7 29. Bxf6 Rxa2 30. f3 Bg6 31. Kf2 Ra8 32. g4 Rf8
33. g5 Re8 34. Ra1 Rc8 35. Kg3 Rc4 36. Ra7+ Rc7 37. Ra5 Bd3 38. h4 Rc1 39. Ra7+
Rc7 40. Ra3 Bg6 41. Re3 b4 42. f4 Bf5 43. Re7+ Kc6 44. h5 Rxe7 45. Bxe7 Kd7 46.
Bf8 Ke6 47. g6 hxg6 48. h6 g5 49. fxg5 b3 50. Kf4 Bg6 51. Ke3 Kf7 52. Bxd6 Kg8
53. Kd4 Kh7 1/2-1/2

[Event "Chess Festival Groningen 2018 Compact A"]
[Site "Groningen, Netherlands"]
[Date "2018.12.26"]
[Round "1.4"]
[White "Hovenga, Alje"]
[Black "Van der Woude, Benjamin"]
[Result "1/2-1/2"]
[WhiteElo "2177"]
[BlackElo "1927"]
[PlyCount "93"]
[EventDate "2018.??.??"]

1. d4 e6 2. c4 Nf6 3. Nf3 b6 4. Nc3 Bb7 5. Bg5 Be7 6. e3 d5 7. Bd3 O-O 8. O-O
Nbd7 9. Qe2 Rc8 10. cxd5 Nxd5 11. Bxe7 Qxe7 12. Nxd5 exd5 13. Rac1 c5 14. b3
Rc7 15. Rc2 Rfc8 16. Rfc1 g6 17. h4 Nf6 18. Ne5 Kg7 19. g3 Qe6 20. f3 Qd6 21.
Qf2 a6 22. Bf1 b5 23. Bh3 Re8 24. Rxc5 Rxc5 25. Rxc5 Rxe5 26. dxe5 Qxc5 27.
exf6+ Kg8 28. g4 Qc1+ 29. Kh2 h6 30. Kg3 g5 31. hxg5 hxg5 32. f4 Qc7 33. Qb2 b4
34. Qe5 Qxe5 35. fxe5 Kf8 36. Bf1 Ke8 37. Bd3 a5 38. Bf5 d4 39. exd4 Bd5 40.
Kf2 a4 41. bxa4 Bxa2 42. Bd3 Bd5 43. Ke3 b3 44. Kd2 Be6 45. Be2 Kd7 46. Kc3 Kc6
47. Bf3+ 1/2-1/2

[Event "Chess Festival Groningen 2018 Compact A"]
[Site "Groningen, Netherlands"]
[Date "2018.12.26"]
[Round "1.5"]
[White "Nepveu, Manuel"]
[Black "Clemens, Adrian"]
[Result "1/2-1/2"]
[WhiteElo "1924"]
[BlackElo "2162"]
[PlyCount "70"]
[EventDate "2018.??.??"]

1. c4 g6 2. Nc3 Bg7 3. Nf3 c5 4. g3 Nc6 5. Bg2 e6 6. e4 Nge7 7. d3 O-O 8. O-O
d6 9. Be3 Nd4 10. Qd2 Nec6 11. Bh6 e5 12. Bxg7 Kxg7 13. Nxd4 cxd4 14. Nd5 f5
15. f4 fxe4 16. Bxe4 Bh3 17. Rf2 Qd7 18. b4 Rae8 19. b5 Nd8 20. Re1 Ne6 21.
fxe5 dxe5 22. Rxf8 Rxf8 23. Bg2 Bxg2 24. Qxg2 Qd6 25. Rf1 Nc5 26. Rxf8 Qxf8 27.
Nb4 Qf5 28. Qd5 b6 29. Qd6 h5 30. Qc7+ Kh6 31. Qd8 e4 32. Qh8+ Kg5 33. Qd8+ Kh6
34. Qh8+ Kg5 35. Qd8+ Kh6 1/2-1/2

[Event "Chess Festival Groningen 2018 Compact A"]
[Site "Groningen, Netherlands"]
[Date "2018.12.26"]
[Round "1.6"]
[White "Vroombout, Enrico"]
[Black "Van Dongen, Rob"]
[Result "1-0"]
[WhiteElo "2140"]
[BlackElo "1914"]
[PlyCount "43"]
[EventDate "2018.??.??"]

1. d4 d5 2. c4 e6 3. Nc3 Nf6 4. Bg5 Be7 5. e3 O-O 6. Nf3 a6 7. Rc1 Re8 8. Qc2
Nbd7 9. cxd5 exd5 10. Bd3 h6 11. Bf4 c6 12. O-O Nf8 13. h3 Bd6 14. Bxd6 Qxd6
15. Na4 Be6 16. Nc5 Qc7 17. b4 N8d7 18. a4 Nxc5 19. Qxc5 Ne4 20. Bxe4 dxe4 21.
Nd2 Bd5 22. Qxd5 1-0

[Event "Chess Festival Groningen 2018 Compact A"]
[Site "Groningen, Netherlands"]
[Date "2018.12.26"]
[Round "1.8"]
[White "Wolferink, Frans"]
[Black "Van 't Veld, Menno"]
[Result "1/2-1/2"]
[WhiteElo "2089"]
[BlackElo "1895"]
[PlyCount "39"]
[EventDate "2018.??.??"]

1. e4 c5 2. Nf3 Nc6 3. d4 cxd4 4. Nxd4 Nf6 5. Nc3 e5 6. Ndb5 d6 7. Nd5 Nxd5 8.
exd5 Ne7 9. a4 a6 10. Na3 Qa5+ 11. Bd2 Qxd5 12. Nc4 Nc6 13. Bc3 Qxd1+ 14. Rxd1
Be6 15. Nxd6+ Bxd6 16. Rxd6 Ke7 17. Rd2 Rad8 18. Rxd8 Rxd8 19. Bd3 g6 20. h4
1/2-1/2

[Event "Chess Festival Groningen 2018 Compact A"]
[Site "Groningen, Netherlands"]
[Date "2018.12.26"]
[Round "1.11"]
[White "Pouw, Marcel"]
[Black "Boersma, Jan"]
[Result "0-1"]
[WhiteElo "1881"]
[BlackElo "2065"]
[PlyCount "53"]
[EventDate "2018.??.??"]

1. d4 Nf6 2. Nf3 g6 3. c4 Bg7 4. Nc3 O-O 5. e4 d6 6. Be2 c5 7. d5 e6 8. Nd2 Re8
9. O-O Na6 10. a3 Nc7 11. Bf3 Rb8 12. a4 Na6 13. Nb5 Ra8 14. dxe6 Rxe6 15. Re1
Nb4 16. Nf1 a6 17. Nc3 Nc6 18. Ne3 Nd4 19. Ned5 Nxd5 20. Nxd5 Re8 21. Ra3 Be6
22. Ne3 Rb8 23. Rd3 b5 24. axb5 axb5 25. cxb5 Rxb5 26. Be2 Rb4 27. Bd2 0-1

[Event "Chess Festival Groningen 2018 Compact A"]
[Site "Groningen, Netherlands"]
[Date "2018.12.26"]
[Round "1.16"]
[White "Kanis, Sierk"]
[Black "Noordenbos, Daan"]
[Result "0-1"]
[WhiteElo "1954"]
[BlackElo "1821"]
[PlyCount "86"]
[EventDate "2018.??.??"]

1. Nf3 Nf6 2. c4 g6 3. Nc3 Bg7 4. g3 O-O 5. Bg2 d6 6. O-O e5 7. d4 Nc6 8. d5
Ne7 9. e4 h5 10. h3 Nh7 11. Ne1 Bd7 12. Nd3 Qc8 13. Kh2 f5 14. Be3 f4 15. gxf4
exf4 16. Bxf4 Rxf4 17. Nxf4 Be5 18. Qf3 Qf8 19. Nce2 Qh6 20. Kh1 Rf8 21. Rae1
Bxf4 22. Nxf4 Qxf4 23. Qxf4 Rxf4 24. e5 Nf5 25. e6 Be8 26. Re4 Rxe4 27. Bxe4
Ne7 28. f4 Kg7 29. Kg2 Nf6 30. Kf3 Nxe4 31. Kxe4 Kf6 32. Rc1 c6 33. b4 b5 34.
cxb5 cxd5+ 35. Kd4 Bxb5 36. a4 Bxa4 37. Ra1 Bb5 38. Re1 a6 39. Kc3 Nf5 40. Kd2
d4 41. Re4 Ke7 42. Re1 Nh4 43. Re4 d5 0-1

[Event "Chess Festival Groningen 2018 Compact A"]
[Site "Groningen, Netherlands"]
[Date "2018.12.27"]
[Round "2.3"]
[White "Hendriks, Peter"]
[Black "Hovenga, Alje"]
[Result "0-1"]
[WhiteElo "1996"]
[BlackElo "2177"]
[PlyCount "108"]
[EventDate "2018.??.??"]

1. d4 Nf6 2. c4 Nc6 3. Nc3 e5 4. d5 Ne7 5. h4 Neg8 6. e4 Bc5 7. Qd3 d6 8. Qg3
Nh5 9. Qg5 Ngf6 10. Be2 h6 11. Qd2 Bg4 12. g3 O-O 13. Qd3 c6 14. Be3 Bxe3 15.
Qxe3 cxd5 16. cxd5 Qa5 17. Nf3 b5 18. O-O Bd7 19. Rfc1 b4 20. Nd1 Ng4 21. Qd3
f5 22. exf5 Bxf5 23. Qb5 Qxb5 24. Bxb5 Be4 25. Nd2 Bxd5 26. Nc4 Rad8 27. Nce3
Be6 28. Nxg4 Bxg4 29. Rc4 Be6 30. Rc7 Rf7 31. Rac1 Bxa2 32. Bc4 Bxc4 33. R1xc4
a5 34. Rxf7 Kxf7 35. Rc7+ Ke6 36. Ne3 Rd7 37. Rc8 Ra7 38. Re8+ Kd7 39. Rb8 Kc7
40. Rb5 Nf6 41. Nc4 Kc6 42. Rxa5 Rxa5 43. Nxa5+ Kb6 44. Nb3 Kb5 45. Kf1 Kc4 46.
Nc1 d5 47. Ke2 d4 48. Kd2 Ne4+ 49. Ke2 Nc5 50. Kd2 e4 51. Ne2 Nd3 52. b3+ Kd5
53. f3 exf3 54. Kxd3 fxe2 0-1

[Event "Chess Festival Groningen 2018 Compact A"]
[Site "Groningen, Netherlands"]
[Date "2018.12.27"]
[Round "2.4"]
[White "Noordenbos, Daan"]
[Black "Vroombout, Enrico"]
[Result "1/2-1/2"]
[WhiteElo "1821"]
[BlackElo "2140"]
[PlyCount "86"]
[EventDate "2018.??.??"]

1. e4 e6 2. d4 d5 3. Nc3 Nf6 4. Bg5 Bb4 5. e5 h6 6. Bc1 Nfd7 7. a3 Bxc3+ 8.
bxc3 c5 9. Qg4 Kf8 10. Nf3 Nc6 11. Bd2 Qb6 12. Bd3 c4 13. Be2 Qb2 14. O-O Qxc2
15. Bd1 Qb2 16. Ba4 Qb6 17. h4 Qc7 18. h5 Nb6 19. Bc2 Na5 20. a4 Nb3 21. Bc1
Nxc1 22. Rfxc1 Bd7 23. Qf4 Kg8 24. g3 Nc8 25. Rcb1 a5 26. Qc1 Ra6 27. Qa3 Rb6
28. Rxb6 Nxb6 29. Rb1 Nc8 30. Qc5 Bc6 31. Nh4 b6 32. Qa3 Qd8 33. Nf3 Qf8 34.
Qb2 Qe7 35. Kg2 Kf8 36. Rh1 Ke8 37. Rh4 Kd8 38. Rg4 Qf8 39. Nh4 Be8 40. Rf4 Qe7
41. Rg4 Qf8 42. Rf4 Qe7 43. Rg4 Qf8 1/2-1/2

[Event "Chess Festival Groningen 2018 Compact A"]
[Site "Groningen, Netherlands"]
[Date "2018.12.27"]
[Round "2.6"]
[White "Van Dael, Siem"]
[Black "Pellikaan, Govert"]
[Result "1-0"]
[WhiteElo "2204"]
[BlackElo "1946"]
[PlyCount "61"]
[EventDate "2018.??.??"]

1. e4 d5 2. exd5 Nf6 3. d4 Bg4 4. f3 Bf5 5. g4 Bg6 6. c4 e6 7. Nc3 exd5 8. g5
Nfd7 9. Nxd5 Be7 10. Nxe7 Qxe7+ 11. Qe2 Nc6 12. Qxe7+ Kxe7 13. Be3 Nb4 14. Kd2
Rhe8 15. Bf2 Kf8 16. a3 Nc6 17. Ne2 Rad8 18. Kc3 a5 19. Nf4 Bf5 20. Nd5 Nb6 21.
Nxb6 cxb6 22. d5 Ne5 23. Bxb6 Nxf3 24. Bg2 Rxd5 25. cxd5 Rc8+ 26. Kb3 Bc2+ 27.
Ka2 Nd2 28. Rac1 Bb3+ 29. Ka1 Bc4 30. Rc3 Re8 31. d6 1-0

[Event "Chess Festival Groningen 2018 Compact A"]
[Site "Groningen, Netherlands"]
[Date "2018.12.27"]
[Round "2.7"]
[White "Balje, Jan"]
[Black "Salihbegovic, Edim"]
[Result "1/2-1/2"]
[WhiteElo "2197"]
[BlackElo "1937"]
[PlyCount "130"]
[EventDate "2018.??.??"]

1. d4 d5 2. c4 c6 3. Nf3 Nf6 4. Nc3 dxc4 5. a4 Bf5 6. Ne5 Nbd7 7. Nxc4 Nb6 8.
Ne5 a5 9. f3 Nfd7 10. e4 Nxe5 11. exf5 Ned7 12. d5 g6 13. dxc6 bxc6 14. fxg6
hxg6 15. Bf4 Bg7 16. Be2 Rh4 17. g3 Rxf4 18. gxf4 Qc7 19. Qc2 Qxf4 20. Qe4 Qg5
21. h4 Qg3+ 22. Kd2 Qd6+ 23. Kc2 Nc5 24. Qe3 Bd4 25. Qg5 Qe6 26. Ra3 Bxc3 27.
Rxc3 Qxe2+ 28. Kb1 Nbxa4 29. Rc2 Qd3 30. Qe5 Rd8 31. h5 gxh5 32. Rg1 Rd5 33.
Qb8+ Kd7 34. Qa7+ Kd6 35. Qb8+ Kd7 36. Qa7+ Ke6 37. Re1+ Re5 38. Rxe5+ Kxe5 39.
Qxe7+ Kf4 40. Qxf7+ Qf5 41. Qc4+ Kg3 42. Qg8+ Kf4 43. Qc4+ Kxf3 44. Ka1 Qd3 45.
Qf7+ Ke4 46. Qg6+ Kd5 47. Qxh5+ Kd6 48. Qh2+ Kd7 49. Rg2 Qd1+ 50. Ka2 Qd5+ 51.
Kb1 Nc3+ 52. bxc3 Qd1+ 53. Ka2 Qb3+ 54. Ka1 Qxc3+ 55. Kb1 Qd3+ 56. Ka2 Qb3+ 57.
Ka1 Qd1+ 58. Ka2 Qd5+ 59. Kb1 Qf5+ 60. Ka2 Qf7+ 61. Kb1 Qf5+ 62. Ka2 Qd5+ 63.
Kb1 Qb3+ 64. Ka1 Qc3+ 65. Kb1 Qb3+ 1/2-1/2

[Event "Chess Festival Groningen 2018 Compact A"]
[Site "Groningen, Netherlands"]
[Date "2018.12.27"]
[Round "2.8"]
[White "Clemens, Adrian"]
[Black "Rondhuis, Jaap"]
[Result "1-0"]
[WhiteElo "2162"]
[BlackElo "1905"]
[PlyCount "63"]
[EventDate "2018.??.??"]

1. d4 d5 2. c4 c6 3. Nf3 e6 4. e3 f5 5. Bd3 Nf6 6. O-O Bd6 7. b3 O-O 8. Ba3
Bxa3 9. Nxa3 Ne4 10. Qc2 Nd7 11. Qb2 Rf6 12. b4 Rh6 13. g3 g5 14. Ne5 g4 15. f4
Ndf6 16. Rfc1 a6 17. Bf1 Qf8 18. Nb1 Rh5 19. Nc3 Qh6 20. Nxe4 Nxe4 21. Qg2 Qf8
22. Rab1 Qe8 23. Bd3 Nd6 24. a4 Bd7 25. Qb2 b5 26. c5 Nc4 27. Bxc4 dxc4 28. Ra1
Qc8 29. Ra3 Qb7 30. Rca1 Bc8 31. Qg2 Qc7 32. axb5 1-0

[Event "Chess Festival Groningen 2018 Compact A"]
[Site "Groningen, Netherlands"]
[Date "2018.12.27"]
[Round "2.9"]
[White "Kroon, Roelof"]
[Black "Nepveu, Manuel"]
[Result "1-0"]
[WhiteElo "2123"]
[BlackElo "1924"]
[PlyCount "65"]
[EventDate "2018.??.??"]

1. e4 e6 2. d4 d5 3. Nd2 Nf6 4. e5 Nfd7 5. Bd3 c5 6. c3 Nc6 7. Ne2 cxd4 8. cxd4
Qb6 9. Nf3 f6 10. exf6 Nxf6 11. O-O Bd6 12. Nc3 Bd7 13. Bg5 Nxd4 14. Bxf6 gxf6
15. Nxd4 Qxd4 16. Qh5+ Ke7 17. Rad1 Qe5 18. Qh3 h5 19. Rfe1 Qg5 20. Bf5 Be5 21.
Nxd5+ Kf7 22. Nc7 Rad8 23. Bxe6+ Kg7 24. Bxd7 Bxc7 25. Re7+ Kh6 26. Qe6 Qe5 27.
Qf7 Qg5 28. g3 Bb6 29. Kg2 Rdf8 30. Qc4 Qc5 31. Qf4+ Qg5 32. Qf3 Bc5 33. h4 1-0

[Event "Chess Festival Groningen 2018 Compact A"]
[Site "Groningen, Netherlands"]
[Date "2018.12.27"]
[Round "2.10"]
[White "Van 't Veld, Menno"]
[Black "Van Putten, Henk"]
[Result "0-1"]
[WhiteElo "1895"]
[BlackElo "2090"]
[PlyCount "110"]
[EventDate "2018.??.??"]

1. e4 c5 2. Nf3 d6 3. d4 cxd4 4. Nxd4 Nf6 5. Nc3 a6 6. Be3 e5 7. Nb3 Be6 8. f3
Be7 9. Qd2 O-O 10. O-O-O a5 11. a4 Nc6 12. g4 Nb4 13. g5 Nh5 14. Kb1 Rc8 15.
Rg1 Nf4 16. Bxf4 exf4 17. Nd4 Qb6 18. Nxe6 fxe6 19. Qd4 Qxd4 20. Rxd4 d5 21.
Rd2 Bc5 22. Rh1 Be3 23. Rg2 d4 24. Nb5 Rfd8 25. Bd3 Nc6 26. Rf1 Ne5 27. Na3 Rc5
28. Re2 Kf7 29. h4 Ke7 30. Nb5 Rdc8 31. Ree1 Nc4 32. Bxc4 Rxc4 33. c3 Bd2 34.
Re2 dxc3 35. bxc3 Bxc3 36. Nxc3 Rxc3 37. Rb2 R8c7 38. Rb5 R3c4 39. Rxa5 Rb4+
40. Ka2 Rc3 41. h5 Rbb3 42. h6 gxh6 43. gxh6 Kf6 44. Ra8 Rxf3 45. Rf8+ Ke5 46.
Rf7 Ra3+ 47. Kb2 Rxf1 48. Kxa3 Rh1 49. Rxh7 Kxe4 50. a5 f3 51. Rxb7 Rxh6 52. a6
e5 53. a7 Ra6+ 54. Kb3 f2 55. Rf7 Ke3 0-1

[Event "Chess Festival Groningen 2018 Compact A"]
[Site "Groningen, Netherlands"]
[Date "2018.12.28"]
[Round "3.3"]
[White "Mijnheer, Peter"]
[Black "Van Dael, Siem"]
[Result "1-0"]
[WhiteElo "2076"]
[BlackElo "2204"]
[PlyCount "47"]
[EventDate "2018.??.??"]

1. e4 c5 2. Nf3 Nc6 3. Bb5 g6 4. O-O Bg7 5. Re1 e5 6. Bxc6 bxc6 7. b4 cxb4 8.
a3 bxa3 9. Bxa3 d6 10. d4 exd4 11. e5 dxe5 12. Nxe5 Be6 13. Qf3 Qd5 14. Qf4 Nf6
15. c4 Qa5 16. Nd2 Qc7 17. Qf3 g5 18. Nb3 g4 19. Nxg4 Nxg4 20. Qxg4 Bf8 21.
Rxe6+ fxe6 22. Qxe6+ Be7 23. Re1 Rd8 24. Bxe7 1-0

[Event "Chess Festival Groningen 2018 Compact A"]
[Site "Groningen, Netherlands"]
[Date "2018.12.28"]
[Round "3.4"]
[White "Kalle, Erwin"]
[Black "Clemens, Adrian"]
[Result "0-1"]
[WhiteElo "2018"]
[BlackElo "2162"]
[PlyCount "76"]
[EventDate "2018.??.??"]

1. f4 d5 2. d3 Nf6 3. Nf3 g6 4. g3 Bg7 5. Bg2 O-O 6. O-O c5 7. Qe1 d4 8. Na3
Nc6 9. Bd2 Be6 10. c4 Qc8 11. b4 cxb4 12. Bxb4 Bh3 13. Nc2 Bxg2 14. Kxg2 Ng4
15. Rb1 Qd7 16. h3 Nh6 17. Qf2 Rad8 18. Ba3 Rfe8 19. Rb5 e6 20. Rfb1 b6 21. c5
bxc5 22. Bxc5 Nf5 23. g4 Nfe7 24. R1b3 Nc8 25. Rb1 a6 26. Rb7 Qd5 27. Bb6 Nd6
28. Bxd8 Nxb7 29. Rxb7 Rxd8 30. Nb4 Nxb4 31. Rxb4 Qxa2 32. Nxd4 Bxd4 33. Rxd4
Rxd4 34. Qxd4 Qxe2+ 35. Kg3 Qe1+ 36. Kg2 Qa5 37. g5 Qd5+ 38. Qxd5 exd5 0-1

[Event "Chess Festival Groningen 2018 Compact A"]
[Site "Groningen, Netherlands"]
[Date "2018.12.28"]
[Round "3.5"]
[White "Vroombout, Enrico"]
[Black "Boersma, Jan"]
[Result "1-0"]
[WhiteElo "2140"]
[BlackElo "2065"]
[PlyCount "91"]
[EventDate "2018.??.??"]

1. e4 c5 2. Nc3 g6 3. g3 Bg7 4. Bg2 Nc6 5. d3 d6 6. f4 e6 7. Nf3 Nge7 8. O-O
O-O 9. Be3 b6 10. d4 Ba6 11. Rf2 Na5 12. Ne2 Nc4 13. Bc1 d5 14. e5 Nf5 15. Bh3
Nfe3 16. Qd3 Qc8 17. Bxe3 Nxe5 18. Qd1 Nxf3+ 19. Rxf3 Bxe2 20. Qxe2 cxd4 21.
Bf2 Qc6 22. Rd3 Rac8 23. Rc1 Qb5 24. b3 Qb4 25. Qd2 Rc3 26. Rxd4 Bxd4 27. Qxd4
Qxd4 28. Bxd4 Rc7 29. c3 Rfc8 30. Bf1 Kf8 31. Ba6 Rd8 32. Bf6 Ra8 33. Be5 Rd7
34. Bb5 Rdd8 35. Ba6 Rd7 36. Bf6 Rc7 37. g4 Rc5 38. b4 Rc7 39. a4 h6 40. Kf2
Rd7 41. Bb5 Rc7 42. Ba6 Rd7 43. Re1 Rc7 44. Re3 Kg8 45. Rh3 Kh7 46. Bd3 1-0

[Event "Chess Festival Groningen 2018 Compact A"]
[Site "Groningen, Netherlands"]
[Date "2018.12.28"]
[Round "3.6"]
[White "Wubben, Marcel"]
[Black "Kroon, Roelof"]
[Result "1-0"]
[WhiteElo "1988"]
[BlackElo "2123"]
[PlyCount "85"]
[EventDate "2018.??.??"]

1. d4 Nf6 2. c4 e6 3. Nc3 Bb4 4. Qc2 d5 5. a3 Bxc3+ 6. Qxc3 O-O 7. Nf3 Ne4 8.
Qc2 b6 9. g3 Bb7 10. Bg2 Nd7 11. O-O Rc8 12. b4 c5 13. bxc5 bxc5 14. Rb1 Ba8
15. cxd5 Bxd5 16. Qb2 cxd4 17. Qxd4 Nc3 18. Rb2 Qb6 19. Re1 Qc6 20. Rc2 Nf6 21.
Bb2 Nfe4 22. Rec1 Qb7 23. Bxc3 f6 24. Qb4 Qa6 25. Nd2 Rxc3 26. Nxe4 Rxa3 27.
Nd2 Bxg2 28. Kxg2 Ra4 29. Qb3 Ra3 30. Rc6 Qxc6+ 31. Rxc6 Rxb3 32. Nxb3 Rb8 33.
Nc5 e5 34. Ra6 Rb2 35. Kf3 Rc2 36. Nd3 Rc7 37. Nb4 e4+ 38. Ke3 Rc3+ 39. Kd4 Rb3
40. Nc6 Rb2 41. Ke3 g6 42. Rxa7 f5 43. Nd4 1-0

[Event "Chess Festival Groningen 2018 Compact A"]
[Site "Groningen, Netherlands"]
[Date "2018.12.28"]
[Round "3.7"]
[White "Emans, Job"]
[Black "Janse, Paul"]
[Result "1-0"]
[WhiteElo "1946"]
[BlackElo "2100"]
[PlyCount "67"]
[EventDate "2018.??.??"]

1. d4 d5 2. c4 Nc6 3. cxd5 Qxd5 4. e3 e5 5. Nc3 Bb4 6. Bd2 Bxc3 7. bxc3 Nge7 8.
c4 Qd6 9. d5 Nb8 10. Bd3 Na6 11. Ne2 f5 12. O-O O-O 13. Bc3 e4 14. Bc2 Bd7 15.
Rb1 b6 16. Nf4 Ng6 17. Qd4 Rf7 18. Nxg6 hxg6 19. f3 exf3 20. Rxf3 Qe7 21. e4
Qc5 22. e5 Re7 23. e6 Be8 24. Qxc5 Nxc5 25. Bb4 c6 26. Bxc5 bxc5 27. Rd1 Rd8
28. Ra3 Rd6 29. Ra6 Rc7 30. Rd3 f4 31. Rda3 Rd8 32. Rxa7 Rxa7 33. Rxa7 cxd5 34.
cxd5 1-0

[Event "Chess Festival Groningen 2018 Compact A"]
[Site "Groningen, Netherlands"]
[Date "2018.12.28"]
[Round "3.8"]
[White "Van Putten, Henk"]
[Black "Noordenbos, Daan"]
[Result "1/2-1/2"]
[WhiteElo "2090"]
[BlackElo "1821"]
[PlyCount "66"]
[EventDate "2018.??.??"]

1. d4 Nf6 2. c4 g6 3. Nc3 Bg7 4. Nf3 O-O 5. Bf4 d6 6. h3 Nbd7 7. e3 c5 8. d5
Nh5 9. Bh2 f5 10. Be2 Bf6 11. Qd2 a6 12. g4 Ng7 13. g5 Be5 14. Nxe5 Nxe5 15.
Rd1 Bd7 16. Bxe5 dxe5 17. f4 exf4 18. exf4 Re8 19. O-O e5 20. dxe6 Bxe6 21. b3
b6 22. Bf3 Qxd2 23. Rxd2 Rad8 24. Rfd1 Rxd2 25. Rxd2 Kf7 26. Kf2 Rb8 27. a4 Ke7
28. Bc6 Ne8 29. Bd5 Nc7 30. Re2 Kd6 31. Rd2 Bxd5 32. Nxd5 Nxd5 33. Rxd5+ Kc6
1/2-1/2

[Event "Chess Festival Groningen 2018 Compact A"]
[Site "Groningen, Netherlands"]
[Date "2018.12.28"]
[Round "3.9"]
[White "Banning, Cees"]
[Black "Balje, Jan"]
[Result "0-1"]
[WhiteElo "1822"]
[BlackElo "2197"]
[PlyCount "60"]
[EventDate "2018.??.??"]

1. e4 e5 2. Nf3 Nc6 3. Bc4 Nf6 4. d3 Be7 5. O-O O-O 6. Bg5 d6 7. h3 Na5 8. Nbd2
h6 9. Bh4 c6 10. a3 Nxc4 11. Nxc4 Be6 12. Ne3 g6 13. Bxf6 Bxf6 14. Re1 Bg7 15.
c4 f5 16. exf5 gxf5 17. Rb1 Qf6 18. Nd2 Qg6 19. Qf3 Rad8 20. b4 d5 21. cxd5
cxd5 22. Nef1 f4 23. g4 fxg3 24. Qxg3 Qxg3+ 25. fxg3 Bxh3 26. Rbc1 Bf5 27. Rc7
Bxd3 28. Rxb7 e4 29. Rc1 Bd4+ 30. Kg2 Rf2+ 0-1

[Event "Chess Festival Groningen 2018 Compact A"]
[Site "Groningen, Netherlands"]
[Date "2018.12.28"]
[Round "3.12"]
[White "Termeulen, Albert"]
[Black "Van der Woude, Benjamin"]
[Result "1-0"]
[WhiteElo "2009"]
[BlackElo "1927"]
[PlyCount "61"]
[EventDate "2018.??.??"]

1. e4 e6 2. Nf3 d5 3. e5 c5 4. b4 d4 5. bxc5 Bxc5 6. Bd3 Nc6 7. O-O Nge7 8. Re1
Nd5 9. Be4 Nce7 10. a4 Bd7 11. Na3 Bxa4 12. Nc4 Bc6 13. Ba3 Bxa3 14. Rxa3 Nc8
15. Nxd4 Qd7 16. Rg3 g6 17. Nxc6 Qxc6 18. Ne3 Ncb6 19. Qf3 Qd7 20. Ng4 O-O-O
21. c4 h5 22. cxd5 hxg4 23. Qa3 exd5 24. Qxa7 Nc4 25. Rc3 b5 26. Qc5+ Kb8 27.
Rb1 Qc7 28. Qxb5+ Qb6 29. Rxc4 Qxb5 30. Rxb5+ Ka7 31. Ra4# 1-0

[Event "Chess Festival Groningen 2018 Compact A"]
[Site "Groningen, Netherlands"]
[Date "2018.12.28"]
[Round "3.13"]
[White "Reinders, Joan"]
[Black "Hendriks, Peter"]
[Result "0-1"]
[WhiteElo "1913"]
[BlackElo "1996"]
[PlyCount "28"]
[EventDate "2018.??.??"]

1. e4 d5 2. exd5 Qxd5 3. Nf3 Nc6 4. d4 Bg4 5. Be2 O-O-O 6. c4 Qf5 7. Be3 e5 8.
d5 Nf6 9. Nbd2 Nb4 10. O-O Nc2 11. Rc1 Nxe3 12. fxe3 Bc5 13. Nd4 Qg5 14. h3
Bxh3 0-1

[Event "Chess Festival Groningen 2018 Compact A"]
[Site "Groningen, Netherlands"]
[Date "2018.12.28"]
[Round "3.16"]
[White "Pellikaan, Govert"]
[Black "De Visser, Pieter"]
[Result "1-0"]
[WhiteElo "1946"]
[BlackElo "1868"]
[PlyCount "71"]
[EventDate "2018.??.??"]

1. d4 Nf6 2. Nf3 g6 3. Nc3 d5 4. Bf4 Bg7 5. e3 O-O 6. Be2 Bg4 7. Ne5 Bxe2 8.
Qxe2 Nh5 9. Qb5 Nxf4 10. exf4 Nc6 11. Qxd5 Nxd4 12. Qe4 c5 13. O-O-O Bxe5 14.
fxe5 Qd7 15. Nd5 Rfd8 16. Ne3 Qa4 17. Kb1 Qc6 18. Qh4 Qe6 19. Qg5 Nc6 20. f4
Nd4 21. Rd3 c4 22. Rdd1 b5 23. h4 Kg7 24. h5 h6 25. Qg3 Nf5 26. Nxf5+ Qxf5 27.
hxg6 Qxg6 28. Qf3 Rab8 29. g4 e6 30. Rdf1 Kf8 31. f5 exf5 32. gxf5 Qh7 33. Qe3
Rb6 34. f6 h5 35. Rhg1 h4 36. Qc5+ 1-0

[Event "Chess Festival Groningen 2018 Compact A"]
[Site "Groningen, Netherlands"]
[Date "2018.12.29"]
[Round "4.3"]
[White "Bielderman, Guy"]
[Black "Wubben, Marcel"]
[Result "1/2-1/2"]
[WhiteElo "2081"]
[BlackElo "1988"]
[PlyCount "112"]
[EventDate "2018.??.??"]

1. c4 g6 2. g3 Bg7 3. Bg2 d6 4. Nc3 e5 5. d3 Nf6 6. e4 O-O 7. Nge2 c6 8. O-O
Nbd7 9. h3 a6 10. Bg5 b5 11. Qd2 Nc5 12. b3 Rb8 13. Rae1 Qa5 14. cxb5 axb5 15.
d4 Ne6 16. Bxf6 Bxf6 17. d5 cxd5 18. Qxd5 Rd8 19. a4 Nc5 20. axb5 Be6 21. Qd2
Nxb3 22. Qb2 Nd4 23. Rb1 Nxe2+ 24. Nxe2 Bc4 25. Nc3 Bxf1 26. Bxf1 Kg7 27. Ra1
Qb6 28. Qb3 Rd7 29. Nd5 Qd4 30. Ra4 Qd2 31. b6 Bd8 32. Qb5 Rdb7 33. Ra6 Qd4 34.
Ra4 Qc5 35. Qxc5 dxc5 36. Ba6 Rxb6 37. Nxb6 Rxb6 38. Bc4 Rb4 39. Rxb4 cxb4 40.
Kg2 h5 41. f4 exf4 42. gxf4 f6 43. e5 fxe5 44. fxe5 Bc7 45. e6 Bd8 46. Kf3 g5
47. Ke4 Kf6 48. Bd3 Be7 49. Bc4 Bd6 50. Bb3 Be7 51. Bc4 Kg7 52. Bb3 Kf8 53. Bd1
h4 54. Kd3 Ke8 55. Kc4 Kd8 56. Kb3 Kc7 1/2-1/2

[Event "Chess Festival Groningen 2018 Compact A"]
[Site "Groningen, Netherlands"]
[Date "2018.12.29"]
[Round "4.4"]
[White "Emans, Job"]
[Black "Hovenga, Alje"]
[Result "0-1"]
[WhiteElo "1946"]
[BlackElo "2177"]
[PlyCount "106"]
[EventDate "2018.??.??"]

1. d4 Nf6 2. c4 Nc6 3. Nf3 e6 4. a3 d6 5. Nc3 g6 6. e4 Bg7 7. Be2 O-O 8. O-O
Re8 9. d5 exd5 10. cxd5 Nb8 11. Qc2 c5 12. Nd2 a6 13. a4 b6 14. f4 Bg4 15. Nf3
Nbd7 16. h3 Bxf3 17. Bxf3 c4 18. Be3 Qc8 19. Qf2 Rb8 20. Bd4 Nc5 21. Qh4 Qd8
22. e5 Nfd7 23. Qxd8 Rbxd8 24. Bxc5 Nxc5 25. Be2 Nb3 26. Rad1 Na5 27. g4 dxe5
28. f5 e4 29. f6 Bh6 30. d6 Rd7 31. Rd5 Be3+ 32. Kg2 g5 33. Rff5 Re6 34. Rde5
Bf4 35. Rxe6 fxe6 36. Rxa5 bxa5 37. Nxe4 Kf7 38. Bxc4 Bxd6 39. Nxg5+ Kxf6 40.
Nxe6 Re7 41. Nd4 Re4 42. g5+ Kxg5 43. Nf3+ Kf4 44. b3 Re7 45. Nd4 Rg7+ 46. Kf1
Ke4 47. Ne2 Be5 48. Kf2 h5 49. Bxa6 Rf7+ 50. Ke1 Ke3 51. Nc1 Rf3 52. Bc8 Bc3+
53. Kd1 Rf2 0-1

[Event "Chess Festival Groningen 2018 Compact A"]
[Site "Groningen, Netherlands"]
[Date "2018.12.29"]
[Round "4.5"]
[White "Balje, Jan"]
[Black "Kanis, Sierk"]
[Result "1-0"]
[WhiteElo "2197"]
[BlackElo "1954"]
[PlyCount "63"]
[EventDate "2018.??.??"]

1. d4 d5 2. c4 c6 3. Nf3 Nf6 4. Nc3 e6 5. e3 Nbd7 6. Qc2 Bd6 7. Bd3 O-O 8. O-O
dxc4 9. Bxc4 b5 10. Be2 Bb7 11. e4 e5 12. dxe5 Nxe5 13. Nh4 Re8 14. Nf5 Bf8 15.
Rd1 Ned7 16. Bg5 Qb6 17. Nd6 Re6 18. Be3 c5 19. Nxb7 Qxb7 20. Bxb5 Ne5 21. h3
Rb6 22. f4 Ng6 23. e5 Nh5 24. Rd7 Qc8 25. Qf5 Ne7 26. Qxh5 Rxb5 27. Rxe7 Bxe7
28. Nxb5 Rb8 29. Nd6 Bxd6 30. exd6 Rxb2 31. Rd1 Qb7 32. Qd5 1-0